00834nam a2200241 a 450000100060000000300090000600800410001502000180005604000280007404100080010208200160011011001000012624500960022625000110032226000320033330000110036549000160037650000480039265000430044065000280048365000490051165000320056025787CO-ViMGA141112s2004 ck r 000 u spa d a9789587580235 aCO-ViMGAbspacCO-ViMGA aSPA04a364.151 C65 aComisión Nacional de Reparación y Reconciliación (Colombia). Grupo de Memoria Histórica10aLa masacre de Bahía Portete : bmujeres wayuu en la mira / cGrupo de Memoria Histórica a1a ed. aBogotá : bTaurus, c2010 a236 p. aPensamiento aIncluye Glosario de siglas y Bibliografía14aCRIMENES DE LESA HUMANIDAD - COLOMBIA 14aDELITOS CONTRA LA MUJER14aMASACRE DE BAHIA PORTETE GUAJIRA (COLOMBIA) 14aPARAMILITARISMO - COLOMBIA